British Purbeck Charophyta, / (Record no. 12507)
[ view plain ]
| 000 -LEADER | |
|---|---|
| fixed length control field | 01630cam a22003731 4500 |
| 001 - CONTROL NUMBER | |
| control field | 12507 |
| 003 - CONTROL NUMBER IDENTIFIER | |
| rucl marc code | BD-RjUL |
| 005 - DATE AND TIME OF LATEST TRANSACTION | |
| control field | 20211208235316.0 |
| 008 - FIXED-LENGTH DATA ELEMENTS--GENERAL INFORMATION | |
| fixed length control field | 140129s1939 enkaf 000 0 eng |
| 035 ## - SYSTEM CONTROL NUMBER | |
| System control number | (BD-RjUL)12556 |
| System control number | (OCoLC)4706390 |
| 040 ## - CATALOGING SOURCE | |
| Original cataloging agency | DLC |
| Transcribing agency | CtY |
| Modifying agency | DLC |
| -- | BD-RjUL |
| Language of cataloging | eng |
| 041 ## - LANGUAGE CODE | |
| Language code of text/sound track or separate title | eng |
| 082 ## - DEWEY DECIMAL CLASSIFICATION NUMBER | |
| Classification number | 561.841 |
| Author mark and year | HAB |
| 100 1# - MAIN ENTRY--PERSONAL NAME | |
| Personal name | Harris, Thomas Maxwell, |
| Dates associated with a name | 1903- |
| 9 (RLIN) | 38939 |
| 245 10 - TITLE STATEMENT | |
| Title | British Purbeck Charophyta, / |
| Statement of responsibility, etc. | by Thomas Maxwell Harris. With seventeen plates and sixteen figures in the text. |
| 260 ## - PUBLICATION, DISTRIBUTION, ETC. (IMPRINT) | |
| Place of publication, distribution, etc. | London : |
| Name of publisher, distributor, etc. | Printed by order of the Trustees of the British museum, |
| Date of publication, distribution, etc. | 1939. |
| 300 ## - PHYSICAL DESCRIPTION | |
| Pagination | ix, 83 p. : |
| Illustrations | illus., 17 pl., diagrs. ; |
| Size | 22 cm. |
| 500 ## - GENERAL NOTE | |
| General note | At head of title: British museum (Natural history) |
| General note | Each plate accompanied by leaf with descriptive letterpress not included in paging. |
| General note | "The specimens obtained by Reid and Groves, bequeathed to the British museum by the latter in 1933, formed the basis of the present work; but Prof. Harris, in conjunction with Mr. P. Sylvester Bradley, has collected and prepared much additional material."-Pref. |
| 504 ## - BIBLIOGRAPHY, ETC. NOTE | |
| Bibliography, etc | "List of works quoted": p. 80-81. |
| 650 #0 - SUBJECT ADDED ENTRY--TOPICAL TERM | |
| Topical term or geographic name as entry element | Characeae, Fossil. |
| 9 (RLIN) | 38940 |
| Topical term or geographic name as entry element | Paleobotany |
| Chronological subdivision | Jurassic. |
| 9 (RLIN) | 38941 |
| Topical term or geographic name as entry element | Paleobotany |
| Geographic subdivision | England |
| -- | Dorset. |
| 9 (RLIN) | 38942 |
| 700 1# - ADDED ENTRY--PERSONAL NAME | |
| Personal name | Reid, Clement, |
| Dates associated with a name | 1853-1916. |
| Personal name | Groves, James. |
| Personal name | Bradley, P. Sylvester. |
| 710 2# - ADDED ENTRY--CORPORATE NAME | |
| Corporate name or jurisdiction name as entry element | British Museum (Natural History). |
| Subordinate unit | Department of Geology. |
| 9 (RLIN) | 38946 |
| 942 ## - ADDED ENTRY ELEMENTS (KOHA) | |
| Source of classification or shelving scheme | Dewey Decimal Classification |
| Koha item type | Books |
| Lost status | Source of classification or shelving scheme | Damaged status | Not for loan | Collection code | Permanent Location | Current Location | Shelving location | Date acquired | Source of acquisition | Cost, normal purchase price | Total Checkouts | Full call number | Date last seen | Copy number | Koha item type |
|---|---|---|---|---|---|---|---|---|---|---|---|---|---|---|---|
| Dewey Decimal Classification | Not For Loan | Non-fiction | Central Library, University of Rajshahi | Central Library, University of Rajshahi | Reading Room | 31/12/1964 | euro- pak | 18.75 | 561.841 HAB 1939 | 29/01/2014 | C-1 | Books |